000 00879nas a2200265 4500
001 BR0705214
003 BR-BrBNA
005 20231205111147.0
007 ta
008 230509b bl.|||p| |||| 00| 00por d
040 _aBR-BrBNA
_bpor
_cBiblioteca Nacional de Agricultura
041 _a(Pt)
072 _aF70; F62
100 1 _aAnderson, A.B.
100 1 _aPrance, G.T.
100 1 _aAlbuquerque, B.W.P. de
245 1 _aEstudos sobre a vegetação das Campinas Amazonicas 3 - A vegetação lenhosa da Campina da reserva biológica INPA-SUFRAMA (Manaus, Caracaraí, Km 62)
650 _aVEGETAÇÃO
650 _aFISIOLOGIA VEGETAL
650 _aDISTRIBUIÇÃO GEOGRÁFICA
650 _aAMAZONIA
773 0 _tActa Amazonica (Brazil)
_xISSN 0044-5967
_g(Dec 1975), v. 5(3) p. 225-246
_wBR0705214
909 _a202311
_bLúcia
_c55
_dLúcia Elande
942 _2AGRIS
_n0
_cANA
999 _c191029
_d191029